<?xml version="1.0" encoding="UTF-8"?>
<record
    xmlns:xsi="http://www.w3.org/2001/XMLSchema-instance"
    xsi:schemaLocation="http://www.loc.gov/MARC21/slim http://www.loc.gov/standards/marcxml/schema/MARC21slim.xsd"
    xmlns="http://www.loc.gov/MARC21/slim">

  <leader>01336nam a22002897a 4500</leader>
  <datafield tag="999" ind1=" " ind2=" ">
    <subfield code="c">63933</subfield>
    <subfield code="d">63933</subfield>
  </datafield>
  <controlfield tag="005">20240530110706.0</controlfield>
  <controlfield tag="008">180117s2016    ua ah  g b    000 0 ara d</controlfield>
  <datafield tag="017" ind1=" " ind2=" ">
    <subfield code="a">2015/21765</subfield>
    <subfield code="b">&#x645;&#x635;&#x631;. &#x62F;&#x627;&#x631; &#x627;&#x644;&#x643;&#x62A;&#x628;</subfield>
  </datafield>
  <datafield tag="020" ind1=" " ind2=" ">
    <subfield code="a">9789777292832</subfield>
  </datafield>
  <datafield tag="040" ind1=" " ind2=" ">
    <subfield code="a">EG-CaGPL</subfield>
    <subfield code="c">EG-CaGPL</subfield>
  </datafield>
  <datafield tag="082" ind1="0" ind2="4">
    <subfield code="2">21</subfield>
    <subfield code="a">372.43 /</subfield>
    <subfield code="b">&#x623; &#x639;</subfield>
  </datafield>
  <datafield tag="100" ind1="0" ind2=" ">
    <subfield code="a">&#x627;&#x644;&#x641;&#x631;&#x62D;&#x627;&#x62A;&#x649; &#x627;&#x644;&#x633;&#x64A;&#x62F; &#x645;&#x62D;&#x645;&#x648;&#x62F;</subfield>
  </datafield>
  <datafield tag="245" ind1="1" ind2="2">
    <subfield code="a">&#x627;&#x644;&#x639;&#x633;&#x631; &#x627;&#x644;&#x642;&#x631;&#x627;&#x626;&#x649; &#x648;&#x627;&#x644;&#x648;&#x639;&#x649; &#x627;&#x644;&#x641;&#x648;&#x646;&#x648;&#x644;&#x648;&#x62C;&#x649; &#x644;&#x62F;&#x649; &#x62A;&#x644;&#x627;&#x645;&#x64A;&#x630; &#x627;&#x644;&#x645;&#x631;&#x62D;&#x644;&#x629; &#x627;&#x644;&#x627;&#x628;&#x62A;&#x62F;&#x627;&#x626;&#x64A;&#x629; : </subfield>
    <subfield code="b">&#x62F;&#x644;&#x64A;&#x644; &#x627;&#x644;&#x62A;&#x634;&#x62E;&#x64A;&#x635; &#x627;&#x644;&#x641;&#x627;&#x631;&#x642; &#x648;&#x627;&#x644;&#x62A;&#x62F;&#x62E;&#x644; /</subfield>
    <subfield code="c">&#x627;&#x644;&#x641;&#x631;&#x62D;&#x627;&#x62A;&#x649; &#x627;&#x644;&#x633;&#x64A;&#x62F; &#x645;&#x62D;&#x645;&#x648;&#x62F;&#x60C; &#x645;&#x631;&#x627;&#x62F; &#x639;&#x644;&#x649; &#x639;&#x64A;&#x633;&#x649; &#x633;&#x639;&#x62F;</subfield>
  </datafield>
  <datafield tag="260" ind1=" " ind2=" ">
    <subfield code="a">&#x627;&#x644;&#x627;&#x633;&#x643;&#x646;&#x62F;&#x631;&#x64A;&#x629; :</subfield>
    <subfield code="b">&#x627;&#x644;&#x645;&#x643;&#x62A;&#x628;&#x629; &#x627;&#x644;&#x62A;&#x631;&#x628;&#x648;&#x64A;&#x629;&#x60C;</subfield>
    <subfield code="c">2016.</subfield>
  </datafield>
  <datafield tag="300" ind1=" " ind2=" ">
    <subfield code="a">261 &#x635;. &#x61B;</subfield>
    <subfield code="c">24 &#x633;&#x645;.</subfield>
  </datafield>
  <datafield tag="504" ind1=" " ind2=" ">
    <subfield code="a">&#x64A;&#x634;&#x62A;&#x645;&#x644; &#x639;&#x644;&#x649; &#x627;&#x631;&#x62C;&#x627;&#x639;&#x627;&#x62A; &#x628;&#x628;&#x644;&#x64A;&#x648;&#x62C;&#x631;&#x627;&#x641;&#x64A;&#x629;</subfield>
  </datafield>
  <datafield tag="650" ind1="0" ind2="7">
    <subfield code="2">qrmak</subfield>
    <subfield code="a">&#x627;&#x644;&#x62A;&#x639;&#x644;&#x64A;&#x645; </subfield>
    <subfield code="x">&#x627;&#x63A;&#x631;&#x627;&#x636;&#x629; &#x648;&#x627;&#x647;&#x62F;&#x627;&#x641;&#x629;</subfield>
  </datafield>
  <datafield tag="650" ind1="0" ind2="7">
    <subfield code="2">qrmak</subfield>
    <subfield code="a">&#x627;&#x644;&#x62A;&#x648;&#x62C;&#x64A;&#x629; &#x627;&#x644;&#x62A;&#x631;&#x628;&#x648;&#x649;</subfield>
  </datafield>
  <datafield tag="650" ind1="0" ind2="7">
    <subfield code="2">qrmak</subfield>
    <subfield code="a">&#x627;&#x644;&#x62A;&#x639;&#x644;&#x64A;&#x645; </subfield>
    <subfield code="x">&#x627;&#x644;&#x62C;&#x648;&#x627;&#x646;&#x628; &#x627;&#x644;&#x646;&#x641;&#x633;&#x64A;&#x629;</subfield>
  </datafield>
  <datafield tag="650" ind1="0" ind2="7">
    <subfield code="2">qrmak</subfield>
    <subfield code="a">&#x639;&#x644;&#x645; &#x627;&#x644;&#x646;&#x641;&#x633; &#x627;&#x644;&#x62A;&#x631;&#x628;&#x648;&#x649;</subfield>
  </datafield>
  <datafield tag="650" ind1="0" ind2="7">
    <subfield code="2">qrmak</subfield>
    <subfield code="a">&#x627;&#x644;&#x642;&#x631;&#x627;&#x621;&#x629;</subfield>
    <subfield code="x">&#x627;&#x644;&#x62C;&#x648;&#x627;&#x646;&#x628; &#x627;&#x644;&#x641;&#x633;&#x64A;&#x648;&#x644;&#x648;&#x62C;&#x64A;&#x629;</subfield>
  </datafield>
  <datafield tag="651" ind1=" " ind2=" ">
    <subfield code="2">qrmak</subfield>
  </datafield>
  <datafield tag="653" ind1=" " ind2="0">
    <subfield code="a">&#x627;&#x644;&#x642;&#x631;&#x627;&#x621;&#x629; - &#x62A;&#x639;&#x633;&#x631;</subfield>
  </datafield>
  <datafield tag="700" ind1="0" ind2=" ">
    <subfield code="a">&#x645;&#x631;&#x627;&#x62F; &#x639;&#x644;&#x649; &#x639;&#x64A;&#x633;&#x649; &#x633;&#x639;&#x62F;</subfield>
    <subfield code="e">&#x645;&#x624;&#x644;&#x641; &#x645;&#x634;&#x627;&#x631;&#x643;</subfield>
  </datafield>
  <datafield tag="942" ind1=" " ind2=" ">
    <subfield code="2">ddc</subfield>
    <subfield code="c">BK</subfield>
  </datafield>
  <datafield tag="952" ind1=" " ind2=" ">
    <subfield code="0">0</subfield>
    <subfield code="1">0</subfield>
    <subfield code="4">0</subfield>
    <subfield code="7">0</subfield>
    <subfield code="a">CAI</subfield>
    <subfield code="b">CAI</subfield>
    <subfield code="c">MAIN-LIBRARY</subfield>
    <subfield code="d">2018-01-17</subfield>
    <subfield code="l">0</subfield>
    <subfield code="o">372.43 / &#x623; &#x639;</subfield>
    <subfield code="p">164055</subfield>
    <subfield code="r">2018-01-17 00:00:00</subfield>
    <subfield code="w">2018-01-17</subfield>
    <subfield code="y">BK</subfield>
  </datafield>
</record>
